00742cam a2200229 a 4500001000800000005001700008008004100025010001700066020002200083040001800105041000800123080001800131082002200149100000700171101000700178245008500185504005100270906004500321942001200366999001700378952011700395161693420180118072322.0950817s1996 njua b 001 0 eng  a 95038584  a0132346265 (case) aDLCcDLCdDLC aeng a621.3845 GAR00a621.3845 GAR2201 aIM a2710aWireless and personal communications systems /cVijay K. Garg, Joseph E. Wilkes. aIncludes bibliographical references and index. a7bcbccorignewd1eocipf19gy-gencatlg 2ddccBK c40476d40476 00102udc40708PËKGa002b002cPËKGd2018-01-18l0o621.3845 GARp002-2995768r2018-01-18w2018-01-18yBK